| 000 | 00429nam a2200157 i 4500 | ||
|---|---|---|---|
| 001 | 66115 | ||
| 003 | ES-MaACL | ||
| 005 | 20230906165540.0 | ||
| 007 | t| | ||
| 008 | 040127s1969 sp ||||1| cat d | ||
| 100 | 1 |
_aGabriela, Vida. _953163 |
|
| 245 | 1 | 4 |
_aEls mallorquins çon bons al-lots / _cVida Gabriela. |
| 260 |
_a[Palma de Mallorca : _bs.n., _c1969] |
||
| 300 |
_a62 p. ; _c21 cm. |
||
| 852 |
_aES-MaACL _jC-36613 _bR.70590 |
||
| 999 |
_c66115 _d66115 |
||